Bratři Karamazovi Die Brüder Karamasow : opera o 3 dějstvích a dvou proměnách /

Hlavní autor: Jeremiáš, Otakar, 1892-1962
Další autoři: Maria, Jaroslav, 1870-1942, Dostojevskij, Fedor Michajlovič, 1821-1881
Jazyk: Němčina
Čeština
Vydáno: Praha : Hudební matice Umělecké besedy, 1930
Fyzický popis: 1 klavírní výtah (367 s.)
Language note: Souběžný německý text
Hudebniny Hudebniny
Uloženo v:
LEADER 01522ncm a22003132a 4500
001 001371678
003 CZ BrMZK
005 20150213132020.0
007 qu
008 060914s1930 xr |||||||||||||| cze d
015 |a cnb001890367 
040 |a BOA001  |b cze  |c BOA001 
041 0 |a cze  |a ger 
072 7 |a 782  |x Divadelní hudba. Opera, opereta, muzikál  |2 Konspekt  |9 9 
100 1 |a Jeremiáš, Otakar,  |d 1892-1962  |7 jk01051481  |4 cmp  |4 arr  |4 lbt 
245 1 0 |a Bratři Karamazovi  |h [hudebnina] =  |b Die Brüder Karamasow : opera o 3 dějstvích a dvou proměnách /  |c Otokar Jeremiáš ; libreto dle románu F. M. Dostojevského napsali Jaroslav Maria a Otokar Jeremiáš ; klavírní výtah upravil skladatel 
246 3 1 |a Brüder Karamasow 
260 |a Praha :  |b Hudební matice Umělecké besedy,  |c 1930 
300 |a 1 klavírní výtah (367 s.) 
546 |a Souběžný německý text 
700 1 |a Maria, Jaroslav,  |d 1870-1942  |7 jk01080237  |4 lbt 
700 1 |a Dostojevskij, Fedor Michajlovič,  |d 1821-1881  |7 jn19990210182  |4 ant 
910 |a BOA001  |b Mus4-0164.751 
990 |a MU 
991 |b 201403 
996 7 |b 2619658910  |c Mus4-0164.751  |l MZK  |r Sklad / do 1 hodiny  |n 0  |w 001406683  |u 000040  |a 1  |e BOA001  |j MZK50  |s A 
996 7 |b 2619658911  |c Mus4-0164.751  |l MZK  |r Sklad / do 1 hodiny  |n 0  |w 001406683  |u 000030  |a 1  |e BOA001  |j MZK50  |s A 
996 6 |b 2619658912  |c Mus4-0164.751  |l MZK  |r Sklad / do 1 hodiny  |n 0  |w 001406683  |u 000020  |a 1  |e BOA001  |j MZK50  |s P 
996 7 |b 2619658913  |c Mus4-0164.751  |l MZK  |r Sklad / do 1 hodiny  |n 0  |w 001406683  |u 000010  |a 1  |e BOA001  |j MZK50  |s A